[Event "Olympiad-38"]
[Site "Dresden"]
[Date "2008.11.16"]
[Round "4"]
[White "Abdel Razik, Khaled"]
[Black "Postny, Evgeny"]
[Result "1-0"]
[WhiteElo "2406"]
[BlackElo "2674"]
[Annotator "Abdel Razik/Adly"]
[PlyCount "95"]
[EventDate "2008.11.13"]
[EventType "team-swiss"]
[EventRounds "11"]
[EventCountry "GER"]
[SourceTitle "CBM 128"]
[Source "ChessBase"]
[SourceDate "2009.01.28"]
[SourceVersion "1"]
[SourceVersionDate "2009.01.28"]
[SourceQuality "1"]
[WhiteTeam "Egypt"]
[BlackTeam "Israel"]
[WhiteTeamCountry "EGY"]
[BlackTeamCountry "ISR"]

{Welcome to one of the most unusal games you could ever have seen this year...
forget about any positional moves you ever heard about, today it's only about
tactics and strategy.} 1. Nf3 Nf6 2. c4 e6 3. Nc3 Bb4 4. Qc2 {I believe
White's idea was to avoid the known theoretical lines because of the big
difference in rating.} c5 5. a3 Ba5 6. g4 {and here we go for some action,
White is attacking the kingside very strongly... as it's already very hard for
Black to castle on the queenside.} d6 $6 $146 ({Somehow this line was played
before... I guess van Wely was really mad at Naiditsch one day so he decided
to use this... but unfortnatley it didn't serve him very well and he lost.} 
6... Nc6 7. g5 Nh5 8. Ne4 d6 9. e3 $6 {after playing g4-g5 he is now trying to
play a positional move!!!}) 7. g5 Nfd7 $6 {And Black thought he was playing
connect 4, so he collected all of his pieces in 5 squares!!!} (7... Nh5 $5 {
Of course, this is a more active and sensible move.}) 8. Ne4 Bc7 (8... Qe7 9.
b4 $1 {with Qb2 or Bb2 next move.}) 9. b4 {[%cal Gc1b2,Ga1h8]} Nc6 10. Bb2 e5 (
10... O-O $5 11. Rg1 e5 $8 {trying to stop Nf6 and to block the dangerous
diagonal a1-h8.} 12. bxc5 dxc5 13. e3 $36 {All the black pieces look really
bad and there is more of the attack to come.}) 11. h4 $5 (11. Qd3 Nd4 12. Nxd4
exd4 {trying to activate his pieces with Ne5.} 13. f4 O-O 14. Bg2 f5 (14... Qe7
$5) 15. Ng3 (15. gxf6 $6 Nxf6 16. Ng5 Qe7 $132) 15... Nb6 16. Rc1 $13) (11. Bh3
cxb4 12. axb4 Nxb4 13. Qb1 Nc6 14. Ba3 Nb6 15. Bxc8 Rxc8 16. c5 dxc5 17. Bxc5
Qd5 18. d3) 11... cxb4 12. d4 $5 {Who said White is not paying enough
attention to the centre!!} bxa3 $6 {But some people are really very greedy!} (
12... f5 $1 13. gxf6 Nxf6 14. axb4 (14. Nxf6+ Qxf6 15. d5 b3 16. Qxb3 Nd4 17.
Bxd4 exd4 18. Bh3 O-O (18... d3 19. Ra2 O-O 20. Qxd3 $13) 19. Qd3 Ba5+ 20. Kd1
Bc3 21. Rb1 b6 22. Kc2 $13) 14... O-O $13) 13. Bxa3 O-O (13... Qe7 $1 14. d5 (
14. c5 $2 dxc5 15. d5 Nd4 $15) 14... Nd4 15. Nxd4 exd4 16. O-O-O O-O 17. Rxd4
f5 $1 18. gxf6 Nxf6 $15) 14. d5 Nd4 $2 (14... Ba5+ $1 15. Kd1 Nb4 16. Qb3 Nc5 (
16... Qb6 17. Bb2) 17. Nxc5 dxc5 18. Nxe5 f6 $132) 15. Nxd4 Ba5+ $4 (15... exd4
$142 16. Nxd6 Ne5 $13) 16. Kd1 $16 {Who said this king is unsafe!!!} exd4 17.
Nxd6 $1 Bc3 18. Ra2 $1 (18. Rb1 Qa5 19. Nb5 a6) 18... Ne5 19. e3 $2 (19. Nxc8
$142 Rxc8 20. Bxf8 Nxc4 21. e4 (21. Ba3 $4 Qxd5 $13) 21... Kxf8 22. Bxc4 Rxc4
23. Rxa7 $16) 19... Bg4+ 20. Kc1 Bf3 (20... Qd7 $5 21. Nb5 Rfc8 22. exd4 Nxc4
23. Nxc3 Nxa3 24. Rxa3 Bf5 25. Bd3 Bxd3 26. Qxd3 b5) 21. Rh3 {Somehow, when I
learned chess, I didn't think that the best places to develop your rooks are
h3 and a2, but I really like it!!} Qd7 $6 (21... Qb6 $142 22. c5 $36) 22. exd4
({Another possible variation was} 22. Rg3 f5 23. exd4 Bxd4 24. Qb3 Be4 25. Rd2
Bb6 26. Qc3 Rfe8 27. Nxe8 Rxe8 28. c5 $18) 22... Bxd4 23. Rxf3 $4 (23. Qf5 $1
Bg4 24. Qxd7 Bxd7 25. Rb3 b6 26. Rd2 Bc5 27. Bxc5 bxc5 28. Re3 f6 29. Ne4 $16)
23... Nxf3 {White missed Re8 on Qe4 so he started to recalculate the position.}
24. Qf5 $5 {Who cares about this exchange (was it on the board actually!!!)} (
24. Qe4 Rae8 {White missed this move.} 25. Nxe8 Rxe8 26. Qxf3 Re1+ 27. Kd2 Rxf1
28. Kd3 Bb6 $11) 24... Ne5 $6 (24... Qxf5 $142 $5 25. Nxf5 Rfe8 26. Be2 Re5 $1
27. Ne7+ Rxe7 28. Bxe7 Nxh4 29. Bd3 $11) 25. Qe4 (25. f4 Be3+ 26. Kb2 Qxf5 27.
Nxf5 Bxf4 28. Bxf8) 25... Qg4 26. Qxg4 Nxg4 27. Nf5 Bb6 (27... Bxf2 $2 28. Bh3
Be3+ 29. Kc2 $1 Nf2 30. Bxf8 (30. Bg2 $5 Ng4 $1 (30... Rfe8 31. d6 $1) 31. Bxf8
Kxf8 32. Bh3 Nf2 33. Nxe3 Nxh3 34. c5 {and here we go again to the main line
by transposition.}) 30... Kxf8 31. Nxe3 Nxh3 32. c5 Nf4 (32... Rc8 33. Rxa7
Rxc5+ 34. Kd3 b6 35. d6 $16) 33. Kc3 a6 34. Rf2 Re8 35. Kd4 $16) 28. c5 $1 {
Who said B=3 pawns and R=5 pawns; my B is really strong:)} (28. Bxf8 Kxf8 29.
f3 Ne3 $11) 28... Bd8 29. Re2 $1 {A really awesome move, threatening to catch
the N on g4 with f3.} f6 30. Bh3 Ne5 {I really was wondering if Re5 would have
been possible but unfortunately not:)} 31. Kb1 $2 (31. Kc2 $142 $1 {Protecting
the d3 square and preventing Nd3-f4 and keeping the advantage for White.})
31... Nc4 $2 (31... Nd3 $1 {with the idea Nf4.} 32. c6 bxc6 33. dxc6 Rb8+ 34.
Kc2 Nb4+ 35. Bxb4 Rxb4 36. Nd6 $44) 32. Bc1 Ba5 33. Rc2 $1 (33. Re7 $2 {
Although it looks very logical it's not really good.} fxg5 $1 (33... Rf7 34.
gxf6 $16) 34. Rxg7+ Kh8 35. Rxb7 Rab8 36. c6 Rxb7+ 37. cxb7 Rb8 38. hxg5 Rxb7+
39. Kc2 Rb5 40. Bg2 $11) 33... Ne5 34. Nd6 fxg5 35. Be6+ Kh8 36. hxg5 $16 Bc7
37. Be3 Bxd6 38. cxd6 Nf7 (38... Rfd8 39. f4 Ng6 40. d7 b6 (40... Nf8 41. Rc7)
41. Rc7 Nf8 (41... Rab8 42. Rxa7) 42. Bd4 Ng6 43. f5 Nf4 44. f6) (38... b6 39.
Rc7 Nf3 40. Bc1 Rad8 41. Bb2 Rg8 42. Re7 Nxg5 43. Bxg8 Kxg8 (43... Rxg8 44. d7)
44. d7 Kf8 45. Ba3) 39. d7 $18 b6 40. Bf4 Rad8 41. Rc8 Kg8 42. g6 hxg6 43. Bc7
Rxc8 44. dxc8=Q Rxc8 45. Bxc8 Kf8 46. d6 Ke8 47. f4 g5 48. Be6 {I guess that
if it was a football match... this pair of Bishops would really deserve the
man of the match title:)} 1-0

[Event "ISR-chT"]
[Site "Israel"]
[Date "1999.01.08"]
[Round "1"]
[White "Alterman, Boris"]
[Black "Rozentalis, Eduardas"]
[Result "1/2-1/2"]
[WhiteElo "2615"]
[BlackElo "2590"]
[Annotator "Alterman,B"]
[PlyCount "92"]
[EventDate "1999.01.??"]
[EventType "team"]
[EventRounds "11"]
[EventCountry "ISR"]
[SourceTitle "CBM 069"]
[Source "ChessBase"]
[SourceDate "1999.04.01"]
[SourceVersion "1"]
[SourceVersionDate "1999.04.01"]
[SourceQuality "1"]

{[%mdl 48]} 1. c4 e6 2. Nc3 Nf6 3. Nf3 Bb4 4. Qc2 O-O 5. a3 Bxc3 6. Qxc3 b6 7.
b4 Bb7 8. Bb2 d6 9. g3 Nbd7 10. Bg2 c5 11. O-O a5 $5 $146 {A new move.
Rozentalis likes clear plans and his idea is to fix the pawn structure on the
Qeen side. But now the pawn on a5 will be weak and I can start to play more
active in the centre.} (11... Rc8 12. d3 Rc7 (12... Re8 {N} 13. e4 $36 {()} a6
14. Qb3 (14. Rab1 {/\ Ba1}) 14... b5 $1 15. Nd2 Rb8 16. Rfc1 Ba8 17. Qd1 Qe7
18. cxb5 (18. Rab1 $5 {/\} cxb4 19. axb4 bxc4 20. dxc4 $14) 18... axb5 19. Nb3
(19. d4 $11) 19... e5 $1 $11 (19... Rec8 20. Qe2 Nb6 21. e5 $1 $14) 20. f3 $5 {
1/2-1/2 Kasparov,G-Karpov,A/New York/Lyon (m/24) 1990/[Karpov,An] (35) ><e4}) (
12... d5 13. e3 (13. b5 Qc7 14. Rfe1 d4 15. Qd2 Ra8 16. e3 dxe3 17. fxe3 a6 18.
a4 axb5 19. axb5 h6 20. Qc3 Rxa1 21. Rxa1 Ra8 22. Rf1 Ra7 23. Bh3 Qb8 24. Nh4
Ra2 25. e4 Qd8 26. Ng2 {1-0 Kortschnoj,V-Lein,A/Chicago 1982/MCL 02 (40)})
13... Rc7 14. Ne5 Nxe5 15. Qxe5 dxc4 16. Bxb7 Rxb7 17. dxc4 cxb4 18. axb4 Qc7
19. Qg5 h6 20. Qh4 Qe7 21. Rfc1 Rc8 22. Bxf6 {1/2-1/2 Belov,I-Lukov,V/Katowice
op 1990/EXT 90op2}) 13. Qd2 $1 $146 (13. a4 {- 56/(21)}) 13... a6 14. Rab1 $1 {
><b6} Qa8 15. bxc5 bxc5 $8 {+/- Chuchelov,V-Kortchnoi,V/Hamburg 1995/Inf 65/
[Chuchelov,V]} (15... bxc5 16. Qa5 $1 Rfc8 17. Bxf6 Nxf6 18. Rb6 $16)) (11...
Qe7 12. d3 Rfc8 13. Qd2 d5 14. cxd5 Bxd5 15. Rfc1 b5 16. e4 Bb7 17. Ne5 Nxe5
18. Bxe5 c4 19. dxc4 Rxc4 20. Rxc4 bxc4 21. Qe2 Rc8 22. Rc1 Ba6 23. Qd1 Qd7 24.
Qxd7 Nxd7 25. Bd4 Nb6 26. Bf1 Bb5 27. f3 Rd8 28. Be3 {Chuchelov,V-Polaczek,R/
Eupen op 1996/EXT 97/1-0 (54)}) 12. bxc5 $1 bxc5 13. d3 $14 Bc6 14. Rab1 Rb8
15. Qc2 Qc7 16. Bc3 {[%csl Gb5]} a4 17. e4 $1 Rxb1 18. Rxb1 Rb8 19. Rxb8+ (19.
Nd2 Rxb1+ 20. Qxb1 Qb6 21. Qc2 e5) 19... Qxb8 20. Nd2 Qb7 (20... e5 $5) 21. f4
{It's easy to see that black has no compensation for two bishops,my next step
is to open the position for my bishops.} Ne8 (21... e5 22. Nf3 $16) 22. Qd1 (
22. Bb2 $5) 22... d5 $5 {Black doesn't like to wait and start his counterplay
in the centre.} 23. exd5 exd5 24. Qe2 Nef6 (24... Kf8 25. cxd5 Bxd5 26. Bh3)
25. cxd5 Bxd5 $6 (25... Nxd5 $1 26. Bxd5 (26. Ba5 N5f6) 26... Bxd5 27. Qe8+ Nf8
28. Qxa4 Bh1 $132) 26. Bh3 $1 Kf8 27. Qe3 (27. d4 Qb6 28. Qd3 h6 29. dxc5 Qxc5+
30. Qd4 $14) 27... Qb5 28. g4 $6 ({Better was} 28. d4 $1 Bb7 (28... cxd4 $14)
29. dxc5 Qc6 {[%cal Gc6h1]} 30. Kf2 $1 Qh1 31. Nf1 $16) 28... Bb7 29. Bxf6 Nxf6
30. g5 Ne8 (30... Nd5 $2 31. Qe5 $16) 31. Nc4 f6 32. Kf2 Bd5 33. Be6 Qc6 (33...
Bxc4 34. Bxc4 Qc6 (34... Qb2+ 35. Kg3 Qxa3 36. Qe6 $18)) 34. Bd7 $5 {Last
chance in the zeitnot.} (34. Bxd5 Qxd5 35. Qe4 (35. Qf3 Qd4+ $11) 35... Qxe4
36. dxe4 fxg5 37. fxg5 Nc7 $11) 34... Qxd7 35. Qxc5+ Kg8 36. Nb6 Qc7 $1 (36...
Qa7 37. Qxd5+ Kh8 38. Qd8 $18) 37. Qxd5+ Kh8 38. Qd4 fxg5 39. Nd5 Qc2+ 40. Kg3
gxf4+ (40... Nd6 $5 41. Ne3 Qc1 $1 42. fxg5 Qxa3 43. Qd5 $11) 41. Nxf4 Nf6 42.
Qd8+ Ng8 43. Qd7 Qc1 44. Qd6 Qe3+ 45. Kg2 g5 46. Ne6 Qe2+ 1/2-1/2

[Event "Linares 16th"]
[Site "Linares"]
[Date "1999.03.10"]
[Round "14"]
[White "Anand, Viswanathan"]
[Black "Adams, Michael"]
[Result "1-0"]
[WhiteElo "2781"]
[BlackElo "2716"]
[Annotator "Anand,V"]
[PlyCount "89"]
[EventDate "1999.02.21"]
[EventType "tourn"]
[EventRounds "14"]
[EventCountry "ESP"]
[EventCategory "20"]
[SourceTitle "CBM 070"]
[Source "ChessBase"]
[SourceDate "1999.06.08"]
[SourceVersion "1"]
[SourceVersionDate "1999.06.08"]
[SourceQuality "1"]

{I trailed Kramnik by half a point going into the last round.} 1. Nf3 {Ribli}
Nf6 2. c4 e6 3. Nc3 {Ribli: 'Das ist eine zuletzt sehr beliebte Zugfolge. Weiß
verhindert so die von Adams häufig gespielte Bogoindische Verteidigung, die
nach 3.d4 Bb4 möglich wäre. Ribli.'} Bb4 4. Qb3 {This move is not as popular
as 4.Qc2} c5 5. g3 Nc6 6. a3 {It might be even more precise to delay this move
since having the bishop on b4 cuts out any Nd4 lines, but I don't think it's
too important.} Ba5 (6... Bxc3 {Ribli} 7. Qxc3 $14) 7. Bg2 O-O 8. O-O d6 (8...
d5 9. d3 Nd4 {Trying to utilise the fact that the bishop is now on a5.} 10.
Nxd4 (10. Qd1 {Is also possible, but doesn't look like much.}) 10... cxd4 11.
Na4 $1 (11. Nb5 dxc4 12. Qxc4 e5 {White is going to have problems with his Nb5}
) 11... h6 (11... dxc4 12. Qxc4 b5 $2 (12... e5 13. b4 $14) 13. Qxb5 Bd7 14.
Qe5 $1 Bxa4 15. Bxa8 Bc7 16. Qc5 Bb6 17. Qc4 $18) 12. Bf4 $14) 9. e3 {Now
White has to cut out Nd4.} (9. d3 Nd4 10. Nxd4 cxd4 11. Nb5 e5 $1) 9... e5 {
Ribli: 'Das ist ein typisches Vorgehen in dieser Variante. Schwarz verstärkt
die Kontrolle über das Feld d4. In anderen Varianten, wenn er den Läufer a5
gegen den Springer c3 gibt, ist dieser Plan gegen den schwarzfeldrigen weißen
Läufer gerichtet.'} 10. d3 Rb8 (10... Qe7 {Ribli} 11. Nd5 Nxd5 12. cxd5 Nd8 13.
d4 $14 (13. Nd2 $14 {[%cal Gd2c4]})) 11. Nd2 {The squares d5 and e4 beckon.} (
11. Nd5 {Ribli} Nxd5 12. cxd5 Ne7 13. Nd2 b5 $15 14. Nc4 $2 Bc7) 11... Bf5 (
11... Bxc3 {Ribli} 12. Qxc3 Qe7 13. b4 $14) 12. Nd5 {'!?' Ribli.} (12. Nde4 {
Ribli} Bxc3 13. Nxf6+ Qxf6 14. Qxc3 Qg6 15. Rd1 Bh3 $5 16. Bxh3 Qh5 {[%cal
Rh5h3,Rh5d1]}) 12... Nxd5 $6 {I think Michael could have waited with h6 for
instance.} 13. cxd5 (13. Bxd5 {Ribli} Ne7 $11 (13... Qd7 $11)) 13... Ne7 (13...
Bxd2 $1 14. Bxd2 Ne7 {Now when White plays b4, Black will be able to defend
with b6.} 15. e4 Bd7 16. f4 $14 {White keeps the two bishops and will expand
on the kingside.}) 14. Nc4 b5 $2 (14... Bc7 15. a4 {Michael didn't like this
position, but it was the lesser evil.} Bd7 16. e4 {/\ f4+/=}) 15. Nxa5 Qxa5 16.
e4 Bd7 17. Qd1 $1 {Suddenly, Black is in big trouble. White will play b4 and
no matter whether Black takes on b4 or allows White to capture on c5, he will
be saddled with weaknesses.  Ribli: 'Ein schlauer Zug. Die Dame stand auf b3
schlecht.'} (17. Qc2 Rfc8) 17... f5 (17... Qc7 18. b4 (18. f4 $14 {Ribli})
18... c4 19. dxc4 Qxc4 (19... bxc4 $16) 20. Bg5 $1 {/\ Rc1+/-}) (17... Ng6 {
Ribli} 18. b4 cxb4 19. Bd2 $14) 18. b4 $1 {Ribli: 'Weiß öffnet seinem
Läuferpaar die Stellung.'} cxb4 {'?!' Ribli.} (18... Qb6 {Ribli} 19. Bg5 (19.
bxc5 dxc5 20. Bb2 Ng6) 19... Ng6 $11) 19. Bg5 $1 {'+/=' Ribli.} (19. Bd2 f4 20.
axb4 Qb6 {Now White will lack the e3 square for his bishop and Black can
follow up with Ng6 and try for counterplay on the kingside.}) 19... Nc8 {
Ribli: 'Schwarz verteidgt den a7-Bauern, aber der Springer steht auf c8
schlecht.'} (19... Ng6 20. axb4 Qc7 (20... Qxb4 {Ribli} 21. Rxa7 $14) 21. h4 $1
) 20. Qd2 f4 $2 {'!?' Ribli. This solves one problem, but creates new ones.
Ribli: 'Schwarz kompliziert das Spiel. Weiß hätte ansonsten einen kleinen,
aber dauerhaften Positionsvorteil.'} (20... h6 {Ribli} 21. axb4 Qc7 22. Rfc1
Qb7 23. Be3 $14) 21. gxf4 h6 22. Bh4 exf4 (22... Rxf4 $2 23. Bg3 $18 (23. Bg3 {
Ribli} Rf8 24. f4 (24. axb4 Qb6 25. Kh1 $14) 24... Qb6+ 25. Bf2 $16)) 23. f3 $1
{Now in addition to everything else, White has the d4 square. Ribli: 'Weiß
verhindert die Möglichkeit ...f4-f3 und der weiße Läufer wird in die Diagonale
g1-a7 überführt.'} Qb6+ {Ribli: 'Dieser Zug scheint ein tempo zu verlieren,
vertreibt aber in Wirklichkeit den Läufer von h4.'} (23... g5 $6 {Ribli} 24.
axb4 Qd8 25. Bf2 $36 {[%cal Gf2d4,Gd4h8]}) 24. Bf2 Qd8 25. axb4 Qg5 (25... Rb7
$5 {Ribli}) 26. Kh1 Qh5 27. Rg1 $2 {I thought that White could generate an
attack on the g-file. Just Bd4 is good. Ribli: 'Weiß beschäftigt sich nicht
mit dem Bauern auf a7, aber es wäre für Schwarz nicht so leicht, Kompensation
nachzuweisen.'} (27. Bxa7 {Ribli} Nxa7 (27... Rb7 28. Bd4 $16) 28. Rxa7) 27...
Rb7 28. Bd4 Rf7 {Here I realized that getting the bishop out of g2 would be
complicated. So I changed tack - the rook goes to c1 and White will try to
break through to c7.} 29. Qf2 Kh7 30. Rgc1 (30. Bxa7 {Ribli} Nxa7 31. Rxa7 Rxa7
32. Qxa7 Bh3 33. Qf2 Rc7 $44) 30... Ne7 {Ribli: 'Schwarz verteidigt seinen
schwachen a-Bauern nicht mehr, sondern strebt nach Gegenspiel.'} 31. Ra6 $1 {
'+/-' Ribli. The a7 pawn is irrelevant.} Ng6 {Black decides to go for
counterplay instead of waiting passively.} (31... Nc8 32. Ra2 $1 {/\ Rac2, Rc7}
(32. Bxa7 $16 {Ribli})) 32. Rxd6 {Ribli: 'Weiß besitzt einen Mehrbauern und
seine Bauernmasse im Zentrum wirkt gefährlich.'} Nh4 33. Bb2 $1 Rb6 {This
allows Rxd7, but in the long run, the central pawns would have decided the
issue.} (33... Nxg2 34. Qxg2 Bh3 35. Qf2 Rfc7 36. Rdc6 $18) 34. Rxd7 $1 {
This allows the Bg2 to come into it's own.  Ribli: 'Weiß opfert eine Qualität.
Das Läuferpaar sichert ihm ausreichend Kompensation und eine anhaltende
Initiative.'} (34. Rxb6 {Ribli} axb6 35. Bd4 Nxg2 36. Qxg2 Bh3 $14) 34... Rxd7
35. Bh3 Rf7 (35... Re7 36. Bg4 Qg5 37. Rg1 Kh8 38. Bd4 $1) 36. Bg4 {Getting
the queen to g5 allows Rg1 with tempo. Ribli: 'Die weißen Läufer beherrschen
das Brett.'} Qg5 37. Be6 $1 Rfb7 (37... Rf8 $2 {Ribli} 38. Rg1 $18) 38. Rg1 Qd8
(38... Qh5 $2 39. Bg4 $18) 39. Qf1 $1 $18 {Ribli: 'Die Überführung der Dame
nach h3 ist entscheidend. Die schwarzen Türme spielen eine passive Rolle.'} Ra6
(39... Rxe6 {Ribli} 40. dxe6 Qd6 41. Rg4 Ng6 42. Rxg6 $1 Kxg6 43. Qh3 Kh7 44.
Qf5+ Kg8 45. Qd5 Qe7 (45... Qxd5 46. exd5 $16 {[%csl Gd5,Ge6]}) 46. Bd4 $16 {
[%csl Gd4,Gd5,Ge6]}) 40. Qh3 Ra2 41. Be5 Rd2 {Ribli: 'Leider kann der Turm d2
allein nichts ausrichten.'} (41... g5 42. Qxh4 $1 $18) (41... Rf2 {Ribli} 42.
Bf5+ Kh8 43. Bc8 Rf7 44. Be6 Rb7 45. Rg4 Nxf3 46. Qxh6#) 42. d4 Rd3 43. Bf5+ (
43. Bc8 Rf7) 43... Kg8 (43... Kh8 44. Bc8 Rxf3 (44... Rf7 {Ribli} 45. Qe6 $18)
45. Qe6 $18) (43... Nxf5 {Ribli} 44. Qxf5+ Kh8 45. Qxf4 $18 {[%csl Rh8][%cal
Rf4h6,Rh6h8]}) 44. Bc8 $1 {Ribli: 'Jetzt hat der Turm b7 keine Möglichkeit
mehr, den Punkt g7 zu verteidigen.'} Nxf3 (44... Rf7 45. Be6 $18) (44... Re7 {
Ribli} 45. Qxh4) 45. Qe6+ {Black resigned. This victory allowed me to share
second place.} 1-0